[Event "Florianopolis op 7th"]
[Site "Florianopolis"]
[Date "2021.01.18"]
[Round "1"]
[White "De Moura, Sergio Jovelino"]
[Black "Menna Barreto, Felipe Kubiaki"]
[Result "0-1"]
[WhiteElo "1950"]
[BlackElo "2373"]
[PlyCount "38"]
[EventDate "2021.01.18"]
[EventType "swiss"]
[EventRounds "10"]
[EventCountry "BRA"]
[SourceTitle "CBM 200 Extra"]
[Source "ChessBase"]
[SourceDate "2021.03.31"]
[SourceVersion "1"]
[SourceVersionDate "2021.03.31"]
[SourceQuality "1"]

1. e4 c6 2. d4 d5 3. exd5 cxd5 4. Bd3 Nc6 5. c3 Qc7 6. Qe2 Nf6 7. h3 Nxd4 8. Qe3 Nf5 9. Qe2 e5 10. Bf4 Bd6 11. Bxf5 Bxf5 12. Bxe5 Bxe5 13. f4 Ne4 14. fxe5 Ng3 15. Qe3 Nxh1 16. Na3 Qb6 17. Qxb6 axb6 18. Ne2 0-0 19. Rd1 Rfe8 0-1

[Event "Sao Paulo Carnaval op"]
[Site "Sao Paulo"]
[Date "2020.02.25"]
[Round "7"]
[White "Haraguchi, Diego Sashaki"]
[Black "De Moura, Sergio Jovelino"]
[Result "0-1"]
[WhiteElo "1771"]
[BlackElo "1935"]
[PlyCount "52"]
[EventDate "2020.02.22"]
[EventType "swiss"]
[EventRounds "7"]
[EventCountry "BRA"]
[SourceTitle "CBM 195 Extra"]
[Source "ChessBase"]
[SourceDate "2020.05.31"]
[SourceVersion "1"]
[SourceVersionDate "2020.05.31"]
[SourceQuality "1"]

1. d4 Nf6 2. Nf3 c5 3. g3 g6 4. Bg2 Bg7 5. 0-0 Na6 6. c4 0-0 7. Nc3 d6 8. h3 cxd4 9. Nxd4 Nc5 10. e4 a5 11. Be3 h6 12. Qd2 Kh7 13. Rad1 a4 14. Nc2 Qa5 15. Qe2 Be6 16. Nd4 a3 17. Nxe6 Nxe6 18. e5 Qxe5 19. f4 Qa5 20. Bc1 axb2 21. Bxb2 Nh5 22. Rd5 Nxg3 23. Qc2 Qa7+ 24. Kh2 Nxf1+ 25. Bxf1 Nxf4 26. Nb5 Qxa2 0-1

[Event "Florianopolis op 6th"]
[Site "Florianopolis"]
[Date "2020.01.21"]
[Round "2"]
[White "Fante, Gabriel"]
[Black "De Moura, Sergio Jovelino"]
[Result "0-1"]
[WhiteElo "1673"]
[BlackElo "1943"]
[PlyCount "72"]
[EventDate "2020.01.20"]
[EventType "swiss"]
[EventRounds "10"]
[EventCountry "BRA"]
[SourceTitle "CBM 194 Extra"]
[Source "ChessBase"]
[SourceDate "2020.03.31"]
[SourceVersion "1"]
[SourceVersionDate "2020.03.31"]
[SourceQuality "1"]

1. d4 Nf6 2. Nf3 c5 3. d5 g6 4. c4 b5 5. cxb5 a6 6. bxa6 Bg7 7. g3 d6 8. Bg2 Nbd7 9. 0-0 Bxa6 10. Nc3 Nb6 11. Bg5 h6 12. Bxf6 Bxf6 13. Re1 0-0 14. e4 Nc4 15. Qc1 Kh7 16. Bf1 Qa5 17. Bxc4 Bxc4 18. e5 Bg7 19. h4 Qc7 20. Qf4 Ba6 21. exd6 Qxd6 22. Qxd6 exd6 23. Re7 Bxc3 24. bxc3 Bc4 25. Rd1 Rxa2 26. Rd2 Rxd2 27. Nxd2 Bxd5 28. c4 Be6 29. Ne4 Rd8 30. g4 Bxc4 31. g5 hxg5 32. hxg5 Be6 33. Ra7 c4 34. Kf1 d5 35. Nc3 Kg8 36. Ke2 d4 0-1

[Event "Sao Paulo op-B U2050 8th"]
[Site "Sao Paulo"]
[Date "2019.10.19"]
[Round "4"]
[White "De Moura, Sergio Jovelino"]
[Black "Jenidarchiche, Douglas Rodrigo"]
[Result "1-0"]
[WhiteElo "1944"]
[BlackElo "1768"]
[PlyCount "73"]
[EventDate "2019.10.17"]
[EventType "swiss"]
[EventRounds "6"]
[EventCountry "BRA"]
[SourceTitle "CBM 192 Extra"]
[Source "Chessbase"]
[SourceDate "2019.11.06"]
[SourceVersion "1"]
[SourceVersionDate "2019.11.06"]
[SourceQuality "1"]

1. e4 d6 2. d4 e5 3. Nf3 Bg4 4. dxe5 Bxf3 5. Qxf3 dxe5 6. Bc4 Qf6 7. Qb3 Bc5 8. 0-0 Bb6 9. a4 Nc6 10. c3 Na5 11. Qa2 Nxc4 12. Qxc4 Rd8 13. Nd2 c6 14. Nf3 h6 15. a5 Bc7 16. Be3 Bb8 17. Rad1 Rxd1 18. Rxd1 Ne7 19. Qb4 b5 20. axb6 axb6 21. Bxb6 0-0 22. Bc5 Re8 23. Bxe7 Qe6 24. Bc5 g5 25. Qb6 g4 26. Nh4 Kh7 27. Nf5 Qc4 28. Qxc6 Re6 29. Qd5 Qe2 30. b4 Qb2 31. c4 Kg6 32. Qd2 Qxd2 33. Rxd2 Ra6 34. g3 Ra1+ 35. Kg2 Re1 36. Ne3 Kg5 37. Rd8 1-0

[Event "Sao Paulo op-B U2050 8th"]
[Site "Sao Paulo"]
[Date "2019.10.18"]
[Round "2"]
[White "De Moura, Sergio Jovelino"]
[Black "Da Rosa, Henrique Jaze Simoe"]
[Result "1/2-1/2"]
[WhiteElo "1944"]
[BlackElo "1812"]
[PlyCount "56"]
[EventDate "2019.10.17"]
[EventType "swiss"]
[EventRounds "6"]
[EventCountry "BRA"]
[SourceTitle "CBM 192 Extra"]
[Source "Chessbase"]
[SourceDate "2019.11.06"]
[SourceVersion "1"]
[SourceVersionDate "2019.11.06"]
[SourceQuality "1"]

1. e4 e5 2. Nf3 Nc6 3. Bc4 Nf6 4. d3 Be7 5. c3 0-0 6. 0-0 d6 7. Re1 Na5 8. Bb5 a6 9. Ba4 b5 10. Bc2 c5 11. Nbd2 Qc7 12. Nf1 Nc6 13. a4 Bd7 14. Ng3 d5 15. h3 Rfe8 16. Nh2 Bd6 17. Bg5 Be7 18. Bxf6 Bxf6 19. Nh5 dxe4 20. Nxf6+ gxf6 21. axb5 axb5 22. Rxa8 Rxa8 23. dxe4 Ne7 24. Ng4 Bxg4 25. Qxg4+ Kh8 26. Rd1 Rd8 27. Rd3 c4 28. Rxd8+ Qxd8 1/2-1/2

[Event "Caioba Copel op 5th"]
[Site "Caioba"]
[Date "2019.08.16"]
[Round "2"]
[White "Rodrigues Mota, Romulo Cardoso S"]
[Black "De Moura, Sergio Jovelino"]
[Result "0-1"]
[WhiteElo "1704"]
[BlackElo "1977"]
[PlyCount "168"]
[EventDate "2019.08.15"]
[EventType "swiss"]
[EventRounds "6"]
[EventCountry "BRA"]
[SourceTitle "EXT 2020"]
[Source "ChessBase"]
[SourceDate "2019.10.17"]
[SourceVersion "1"]
[SourceVersionDate "2019.10.17"]
[SourceQuality "1"]

1. e4 c5 2. Nf3 d6 3. d4 cxd4 4. Nxd4 Nf6 5. Nc3 a6 6. Be3 e5 7. Nb3 Be7 8. f3 Be6 9. Qd2 0-0 10. 0-0-0 a5 11. Bb5 Na6 12. Na4 Nc7 13. Bb6 Qb8 14. Be2 Bd7 15. Nc3 a4 16. Na5 Ne6 17. h4 Bc6 18. Bb5 Bxb5 19. Nxb5 Ra6 20. Nc4 Rc8 21. Nba3 Nd7 22. Qb4 Bf8 23. Rd5 Nf4 24. Ra5 Rxb6 25. Qxa4 Rbc6 26. Rb5 Nc5 27. Qa5 Ne2+ 28. Kd2 Nd4 29. Rb6 Rd8 30. c3 Nde6 31. Qb5 d5 32. Na5 dxe4+ 33. Kc2 Rxb6 34. Qxb6 Qd6 35. Qxd6 Rxd6 36. b4 Nd7 37. N3c4 Ra6 38. fxe4 b6 39. Nc6 Rxa2+ 40. Kb3 Rxg2 41. N6xe5 Nxe5 42. Nxe5 Re2 43. Nd7 b5 44. e5 Be7 45. Ra1 h5 46. Ra5 Re3 47. Kc2 Nc7 48. Ra7 Nd5 49. Ra8+ Kh7 50. Re8 Nxb4+ 51. cxb4 Bxb4 52. Rb8 Re2+ 53. Kb3 Be7 54. Rxb5 g6 55. Rb7 Kg7 56. Kc3 Bxh4 57. Kd3 Re1 58. Kd4 Bg5 59. Kd5 h4 60. Nc5 Kg8 61. Rb8+ Kh7 62. Rb7 Kg8 63. Rb8+ Kh7 64. Rb7 h3 65. Rxf7+ Kh6 66. Rf2 Be7 67. Rh2 Bxc5 68. Rxh3+ Kg5 69. Kxc5 Rxe5+ 70. Kd4 Re1 71. Rg3+ Kf5 72. Kd3 g5 73. Kd2 Re5 74. Kd3 Kf4 75. Rg1 g4 76. Ra1 Kf3 77. Rf1+ Kg2 78. Rf8 g3 79. Kd2 Kg1 80. Rg8 g2 81. Rg7 Kh2 82. Rh7+ Kg3 83. Rg7+ Kf3 84. Rg8 Re4 0-1

[Event "Sao Paulo Carnaval op"]
[Site "Sao Paulo"]
[Date "2018.02.13"]
[Round "7"]
[White "Tamarozi, Isabelle"]
[Black "De Moura, Sergio Jovelino"]
[Result "1/2-1/2"]
[WhiteElo "1929"]
[BlackElo "2017"]
[PlyCount "58"]
[EventDate "2018.02.10"]
[EventType "swiss"]
[EventRounds "7"]
[EventCountry "BRA"]
[SourceTitle "CBM 183 Extra"]
[Source "ChessBase"]
[SourceDate "2018.04.19"]
[SourceVersion "1"]
[SourceVersionDate "2018.04.19"]
[SourceQuality "1"]

1. e4 c5 2. Nf3 d6 3. d4 cxd4 4. Nxd4 Nf6 5. Nc3 a6 6. Be3 e5 7. Nb3 Be6 8. Qd2 Be7 9. 0-0-0 0-0 10. f4 Ng4 11. g3 Nxe3 12. Qxe3 Nd7 13. Kb1 f6 14. f5 Bf7 15. g4 b5 16. h4 b4 17. Nd5 Bxd5 18. Rxd5 a5 19. Bc4 Kh8 20. Rb5 Qc7 21. Bd5 Ra7 22. Rc1 Rb8 23. Rxb8+ Qxb8 24. Rd1 a4 25. Nd2 a3 26. b3 Nc5 27. Nc4 Ra6 28. g5 Qd8 29. g6 h6 1/2-1/2

[Event "Sao Paulo-B U2050 op 5th"]
[Site "Sao Paulo"]
[Date "2016.10.13"]
[Round "1.1"]
[White "De Moura, Sergio Jovelino"]
[Black "Serafim Junior, Arnor"]
[Result "0-1"]
[WhiteElo "2020"]
[BlackElo "1828"]
[PlyCount "92"]
[EventDate "2016.10.13"]
[EventType "swiss"]
[EventRounds "6"]
[EventCountry "BRA"]
[SourceTitle "EXT 2022"]
[Source "ChessBase"]
[SourceDate "2021.10.06"]
[SourceVersion "1"]
[SourceVersionDate "2021.10.06"]
[SourceQuality "1"]

1. e4 c5 2. Nf3 e6 3. d4 cxd4 4. Nxd4 a6 5. c4 Nf6 6. Nc3 Qc7 7. Bd3 Bc5 8. Nf3 d6 9. 0-0 0-0 10. Bg5 Nbd7 11. Rc1 h6 12. Bh4 Nh7 13. h3 Ndf6 14. Bg3 e5 15. a3 g5 16. b4 Ba7 17. Nd2 Bd7 18. Nd5 Qd8 19. Nxf6+ Nxf6 20. Be2 Bc6 21. Qc2 Qe7 22. b5 Bd7 23. a4 Rfc8 24. Qb1 axb5 25. cxb5 Bc5 26. Qb3 Be6 27. Bc4 Bxc4 28. Rxc4 Nd7 29. Rc2 Nb6 30. Ra1 Bd4 31. Raa2 Rxc2 32. Qxc2 Rc8 33. Qb1 Rc3 34. Kh2 h5 35. f3 Be3 36. a5 Bxd2 37. Rxd2 Nc4 38. Rc2 Na3 39. Qb4 Rxc2 40. Qxa3 Qc7 41. a6 bxa6 42. bxa6 Qc5 43. Qb3 Rc1 44. Qb8+ Kg7 45. Be1 Rxe1 46. a7 h4 0-1

[Event "Sao Paulo Freitas Memorial"]
[Site "Sao Paulo"]
[Date "2015.10.11"]
[Round "3"]
[White "Nobre, Jose Adalberto Barb"]
[Black "De Moura, Sergio Jovelino"]
[Result "0-1"]
[WhiteElo "1704"]
[BlackElo "2043"]
[PlyCount "62"]
[EventDate "2015.10.10"]
[EventType "swiss"]
[EventRounds "6"]
[EventCountry "BRA"]
[SourceTitle "CBM 168 Extra"]
[Source "ChessBase"]
[SourceDate "2015.10.29"]
[SourceVersion "1"]
[SourceVersionDate "2015.10.29"]
[SourceQuality "1"]

1. e4 c5 2. Nc3 Nc6 3. f4 g6 4. Nf3 Bg7 5. Bb5 Nd4 6. 0-0 Nxb5 7. Nxb5 d6 8. d3 Nf6 9. Nc3 e6 10. Qe1 0-0 11. e5 Nd7 12. Nb5 dxe5 13. fxe5 a6 14. Nc3 Nxe5 15. Nxe5 Qd4+ 16. Kh1 Qxe5 17. Be3 b6 18. Qd2 Bb7 19. Rae1 Qh5 20. Bf4 e5 21. Bg3 Rae8 22. Ne4 Re6 23. Bf2 f5 24. Bxc5 bxc5 25. Nxc5 Re7 26. Nxb7 Rxb7 27. Qa5 Rxb2 28. Qd5+ Kh8 29. Rxe5 Rxc2 30. Re7 Qg5 31. Rfe1 Qxe7 0-1

[Event "Sao Paulo Cordioli Memorial"]
[Site "Sao Paulo"]
[Date "2015.09.07"]
[Round "5"]
[White "Serafim Junior, Arnor"]
[Black "De Moura, Sergio Jovelino"]
[Result "0-1"]
[WhiteElo "1867"]
[BlackElo "2061"]
[PlyCount "74"]
[EventDate "2015.09.05"]
[EventType "swiss"]
[EventRounds "6"]
[EventCountry "BRA"]
[SourceTitle "EXT 2024"]
[Source "ChessBase"]
[SourceDate "2023.10.10"]
[SourceVersion "1"]
[SourceVersionDate "2023.10.10"]
[SourceQuality "1"]

1. c4 Nf6 2. Nf3 c5 3. g3 b6 4. Bg2 Bb7 5. Nc3 e6 6. 0-0 Be7 7. d4 cxd4 8. Nxd4 Bxg2 9. Kxg2 0-0 10. e4 Qc7 11. b3 a6 12. Qf3 Nc6 13. Nxc6 dxc6 14. Bf4 e5 15. Bg5 h6 16. Bxf6 Bxf6 17. Rfd1 Rfd8 18. Rxd8+ Rxd8 19. Rd1 Rd4 20. Rxd4 exd4 21. Ne2 Qd6 22. Nf4 Qa3 23. Nh5 Be7 24. Qg4 g6 25. e5 Qc5 26. Nf6+ Bxf6 27. exf6 Qd6 28. Qc8+ Kh7 29. Qb7 Qxf6 30. Qxb6 d3 31. Qe3 Qc3 32. Qf3 Kg7 33. Qd1 d2 34. Kf1 Qd3+ 35. Kg2 f6 36. b4 Qe4+ 37. Kf1 Qxc4+ 0-1

[Event "Sao Bernardo do Campo LXSBC op 2nd"]
[Site "Sao Bernardo do Campo"]
[Date "2015.07.26"]
[Round "5"]
[White "De Moura, Sergio Jovelino"]
[Black "Cadilhac, Igor Tokuichi Kikuc"]
[Result "0-1"]
[WhiteElo "2079"]
[BlackElo "2121"]
[PlyCount "106"]
[EventDate "2015.07.24"]
[EventType "swiss"]
[EventRounds "6"]
[EventCountry "BRA"]
[SourceTitle "EXT 2016"]
[Source "ChessBase"]
[SourceDate "2015.10.08"]
[SourceVersion "1"]
[SourceVersionDate "2015.10.08"]
[SourceQuality "1"]

1. e4 c5 2. Nf3 d6 3. d4 cxd4 4. Nxd4 Nf6 5. Nc3 g6 6. Be3 Bg7 7. f3 0-0 8. Bc4 Nc6 9. Qd2 Bd7 10. 0-0-0 Rc8 11. Bb3 Ne5 12. Kb1 Re8 13. h4 h5 14. g4 hxg4 15. h5 Nxh5 16. Bh6 Kh7 17. Bxg7 Kxg7 18. f4 Nc4 19. Bxc4 Rxc4 20. f5 Rh8 21. Nde2 Rc5 22. Nd5 e6 23. Qd4+ e5 24. Qd2 gxf5 25. Ne3 f4 26. Qxd6 Qc7 27. Qxd7 Qxd7 28. Rxd7 fxe3 29. Rg1 Nf6 30. Rd3 Rh3 31. Ng3 Kg6 32. Rxe3 Kg5 33. Re2 Rc4 34. c3 Nh5 35. Nf5 Nf4 36. Ree1 Rc6 37. Rd1 Rb6 38. Rd8 Rh2 39. b3 Ne2 40. Rf1 Nxc3+ 41. Kc1 Nxa2+ 42. Kd1 Nc3+ 43. Kc1 Nxe4 44. Ne3 Rc6+ 45. Nc4 b5 46. Rd5 bxc4 47. Rxe5+ Kh4 48. Rxe4 cxb3+ 49. Kb1 Rcc2 50. Ra4 Rb2+ 51. Ka1 Rbf2 52. Rg1 Ra2+ 53. Rxa2 Rxa2+ 0-1

[Event "Sao Bernardo do Campo LXSBC op 2nd"]
[Site "Sao Bernardo do Campo"]
[Date "2015.07.26"]
[Round "6"]
[White "Ferreira de Souza, Ricardo"]
[Black "De Moura, Sergio Jovelino"]
[Result "0-1"]
[WhiteElo "1399"]
[BlackElo "2079"]
[PlyCount "104"]
[EventDate "2015.07.24"]
[EventType "swiss"]
[EventRounds "6"]
[EventCountry "BRA"]
[SourceTitle "EXT 2016"]
[Source "ChessBase"]
[SourceDate "2015.10.08"]
[SourceVersion "1"]
[SourceVersionDate "2015.10.08"]
[SourceQuality "1"]

1. d4 Nf6 2. c4 c5 3. d5 b5 4. cxb5 a6 5. Nc3 axb5 6. e4 b4 7. e5 bxc3 8. exf6 Qa5 9. b3 gxf6 10. Bc4 d6 11. Nf3 Ba6 12. 0-0 Bxc4 13. bxc4 Qb4 14. Qe2 Ra4 15. Bf4 Qxc4 16. Qxc4 Rxc4 17. g3 e5 18. dxe6 fxe6 19. Rfe1 e5 20. Rab1 Rb4 21. a3 Rxb1 22. Rxb1 exf4 23. Rxb8+ Kd7 24. Ne1 fxg3 25. fxg3 d5 26. a4 c4 27. Kf1 d4 28. Ke2 Kc7 29. Re8 Kb6 30. Rc8 d3+ 31. Nxd3 cxd3+ 32. Kxd3 Ka5 33. Ra8+ Kb6 34. a5+ Kb7 35. Rd8 f5 36. h4 Rg8 37. Kc2 h6 38. h5 Ka6 39. Ra8+ Kb5 40. a6 Kb6 41. Re8 Kxa6 42. Kb3 Kb7 43. Re5 Rxg3 44. Rxf5 Bg7 45. Rf7+ Kc6 46. Rf2 Rg5 47. Rh2 Rb5+ 48. Kc4 Rb2 49. Rh1 Rg2 50. Kb3 Kb5 51. Rh4 Rb2+ 52. Ka3 Bf8+ 0-1